000 00678nam a2200241Ia 4500
003 OSt
005 20220926030247.0
006 a|||||r|||| 00| 0
007 ta
008 220923b |||||||| |||| 00| 0 eng d
020 _a0812237307
037 _cGeneral Book
040 _aRTL
_cRTL
_beng
041 _2eng
_aeng
082 _aYb4, P3
100 _aBailey F G
_9120365
245 0 _aSaving lie
_bTruth and method in the social scienc
260 _aPhiladelphia
_bUniversity of Pennsylvania Press.
_c2003
300 _axv,213p
_ccm.
500 _aBibliography : P 201-206
942 _hYb4, P3
_cGB
_2CC
999 _c649116
_d649116